<?xml version="1.0" encoding="UTF-8"?>
<record
    xmlns:xsi="http://www.w3.org/2001/XMLSchema-instance"
    xsi:schemaLocation="http://www.loc.gov/MARC21/slim http://www.loc.gov/standards/marcxml/schema/MARC21slim.xsd"
    xmlns="http://www.loc.gov/MARC21/slim">

  <leader>02107nam a22002057a 4500</leader>
  <controlfield tag="003">OSt</controlfield>
  <controlfield tag="005">20240416101857.0</controlfield>
  <controlfield tag="008">240416s2019    ag ||||| |||| 00| 0 spa d</controlfield>
  <datafield tag="020" ind1=" " ind2=" ">
    <subfield code="a">9789871912971</subfield>
  </datafield>
  <datafield tag="040" ind1=" " ind2=" ">
    <subfield code="c">besoc</subfield>
  </datafield>
  <datafield tag="100" ind1="1" ind2=" ">
    <subfield code="a">Brasca, &#xC9;rica </subfield>
    <subfield code="e">autor</subfield>
  </datafield>
  <datafield tag="245" ind1=" " ind2=" ">
    <subfield code="a">Archivo Mikielievich : </subfield>
    <subfield code="b">Obras y colecciones /</subfield>
    <subfield code="c">&#xC9;rica Brasca, Ernesto Inouye, Bernardo Orge</subfield>
  </datafield>
  <datafield tag="260" ind1=" " ind2=" ">
    <subfield code="a">Rosario :</subfield>
    <subfield code="b">emr,</subfield>
    <subfield code="c">2019</subfield>
  </datafield>
  <datafield tag="300" ind1=" " ind2=" ">
    <subfield code="a">207 p.</subfield>
  </datafield>
  <datafield tag="520" ind1=" " ind2=" ">
    <subfield code="a">La ciudad de Rosario fue el denominador com&#xFA;n de todos los proyectos que emprendi&#xF3; Wladimir C. Mikielievich (1904-1999) a lo largo de siete d&#xE9;cadas de intensa actividad intelectual. Colabor&#xF3; con numerosos diarios y revistas sobre temas hist&#xF3;ricos rosarinos; fue director general de Estad&#xED;stica de la Municipalidad; coordin&#xF3; la junta de Nomenclatura Urbana que dio nombre a m&#xE1;s de trescientas calles; tuvo a su cargo la organizaci&#xF3;n local del Censo General de la Naci&#xF3;n en 1947 y 1960; recab&#xF3; en el Archivo General de Indias de Sevilla documentos sobre los or&#xED;genes de la ciudad; fund&#xF3; y presidi&#xF3; la Sociedad de Historia de Rosario; elabor&#xF3; un voluminoso Diccionario de Rosario de 54 tomos; conform&#xF3; la colecci&#xF3;n particular de diarios y revistas locales m&#xE1;s amplia de la que se tenga registro y consign&#xF3; en un cat&#xE1;logo todas las publicaciones aparecidas en la ciudad desde mediados del siglo XIX hasta fines de la d&#xE9;cada de 1980; form&#xF3; una biblioteca de casi siete mil vol&#xFA;menes y distintas colecciones de fotograf&#xED;as, mapas y planos, volantes pol&#xED;ticos, partituras, gu&#xED;as tur&#xED;sticas, postales autografiadas, etiquetas, membretes y folletos, siempre con el mismo tema.
El Archivo Mikielievich es el resultado final de una vida avocada a estudiar y recopilar documentos y testimonios sobre la historia de Rosario. Este libro propone una primera aproximaci&#xF3;n a los materiales que lo componen y, al mismo tiempo, deja traslucir la visi&#xF3;n de quien los reuni&#xF3;. [Nota del editor]</subfield>
  </datafield>
  <datafield tag="600" ind1=" " ind2=" ">
    <subfield code="a">Mikielievich, Wladimir</subfield>
    <subfield code="d">(1904-1999)</subfield>
    <subfield code="x">Historia</subfield>
    <subfield code="z">Rosario</subfield>
  </datafield>
  <datafield tag="700" ind1="1" ind2=" ">
    <subfield code="a">Inouye, Ernesto </subfield>
    <subfield code="e">autor</subfield>
  </datafield>
  <datafield tag="700" ind1="1" ind2=" ">
    <subfield code="a">Orge, Bernardo </subfield>
    <subfield code="e">autor</subfield>
  </datafield>
  <datafield tag="942" ind1=" " ind2=" ">
    <subfield code="2">udc</subfield>
    <subfield code="c">OG</subfield>
    <subfield code="n">0</subfield>
  </datafield>
  <datafield tag="999" ind1=" " ind2=" ">
    <subfield code="c">229</subfield>
    <subfield code="d">229</subfield>
  </datafield>
  <datafield tag="952" ind1=" " ind2=" ">
    <subfield code="0">0</subfield>
    <subfield code="1">0</subfield>
    <subfield code="2">udc</subfield>
    <subfield code="4">0</subfield>
    <subfield code="7">0</subfield>
    <subfield code="8">CG</subfield>
    <subfield code="a">ESOCIALES</subfield>
    <subfield code="b">ESOCIALES</subfield>
    <subfield code="d">2024-04-16</subfield>
    <subfield code="l">0</subfield>
    <subfield code="o">94(821.6) M636</subfield>
    <subfield code="p">000039</subfield>
    <subfield code="r">2024-04-16 00:00:00</subfield>
    <subfield code="w">2024-04-16</subfield>
    <subfield code="y">OG</subfield>
  </datafield>
</record>
